Contraception in rural Maharashtra (Record no. 64850)

000 -LEADER
fixed length control field 00424pab a2200169 454500
008 - FIXED-LENGTH DATA ELEMENTS--GENERAL INFORMATION
fixed length control field 180718b2003 xxu||||| |||| 00| 0 eng d
100 ## - MAIN ENTRY--PERSONAL NAME
Personal name Kanitkar, Tara
245 ## - TITLE STATEMENT
Title Contraception in rural Maharashtra
260 ## - PUBLICATION, DISTRIBUTION, ETC.
Date of publication, distribution, etc. 2003
300 ## - PHYSICAL DESCRIPTION
Extent p.69-73.
362 ## - DATES OF PUBLICATION AND/OR SEQUENTIAL DESIGNATION
Dates of publication and/or sequential designation Mar-Jun
650 ## - SUBJECT ADDED ENTRY--TOPICAL TERM
Topical term or geographic name entry element Contraception - India - Maharashtra
650 ## - SUBJECT ADDED ENTRY--TOPICAL TERM
Topical term or geographic name entry element Contraception
700 ## - ADDED ENTRY--PERSONAL NAME
Personal name Kulkarni, Smita
773 ## - HOST ITEM ENTRY
Main entry heading Arth Vijnana
909 ## -
-- 64850
Holdings
Withdrawn status Lost status Damaged status Not for loan Permanent Location Current Location Date acquired Serial Enumeration / chronology Barcode Date last seen Price effective from Koha item type
        Indian Institute of Public Administration Indian Institute of Public Administration 2018-07-19 Volume no: 45, Issue no: 1-2 AR65302 2018-07-19 2018-07-19 Articles

Powered by Koha